000 00856nam a2200205 4500
005 20220316123310.0
008 220316b mx ||||| |||| 00| 0 spa d
020 _a9786070310904
020 _a9786078657438
050 0 4 _aF1232
_bC66 2020
245 1 3 _aLa consumación de la Independencia :
_bLos significados 27 de septiembre de 1821, II
_c/ por Jaime Olveda, compilación y estudio introductorio
250 _a1a ed.
260 _aCiudad de México :
_bSiglo XXI : Colegio de México :
_c2020.
300 _a406 p. ;
_c21 cm.
490 _aColección : Historia
600 1 _aIturbide, Agustín,
_d1783-1824.
_vFuentes
_yRegencia e Imperio de Iturbide, 1821-1823.
651 7 _2Lemb
_aMéxico
_xHistoria
_yGuerra de Independencia, 1810-1821
_vFuentes
700 1 _aOlveda, Jaime,
_ecompilación y estudio introductorio.
942 _2lcc
_cLIB
999 _c161117
_d161115